<?xml version="1.0" encoding="UTF-8"?>
<record
    xmlns:xsi="http://www.w3.org/2001/XMLSchema-instance"
    xsi:schemaLocation="http://www.loc.gov/MARC21/slim http://www.loc.gov/standards/marcxml/schema/MARC21slim.xsd"
    xmlns="http://www.loc.gov/MARC21/slim">

  <leader>03900nam a2200553Ia 4500</leader>
  <controlfield tag="001">6183</controlfield>
  <controlfield tag="008">241029s9999    xx            000 0 und d</controlfield>
  <datafield tag="010" ind1=" " ind2=" ">
    <subfield code="a">5822</subfield>
  </datafield>
  <datafield tag="041" ind1=" " ind2=" ">
    <subfield code="a">Espa&#xF1;ol</subfield>
  </datafield>
  <datafield tag="082" ind1=" " ind2=" ">
    <subfield code="a">no aplica</subfield>
  </datafield>
  <datafield tag="245" ind1=" " ind2="0">
    <subfield code="a">Familias y Adolescentes en Conflicto con la Ley Instituto Preparatorio de Menores M&#xE1;ximo Antonio &#xC1;lvarez,  Rep&#xFA;blica Dominicana, 2007</subfield>
  </datafield>
  <datafield tag="260" ind1=" " ind2=" ">
    <subfield code="a">La Vega</subfield>
  </datafield>
  <datafield tag="300" ind1=" " ind2=" ">
    <subfield code="a">80</subfield>
  </datafield>
  <datafield tag="520" ind1=" " ind2=" ">
    <subfield code="a">70</subfield>
  </datafield>
  <datafield tag="630" ind1=" " ind2=" ">
    <subfield code="a">Conducta Humana</subfield>
  </datafield>
  <datafield tag="630" ind1=" " ind2=" ">
    <subfield code="a">Desajustes Conductuales</subfield>
  </datafield>
  <datafield tag="630" ind1=" " ind2=" ">
    <subfield code="a">Readaptaci&#xF3;n</subfield>
  </datafield>
  <datafield tag="650" ind1=" " ind2=" ">
    <subfield code="a">Terapia Familiar</subfield>
  </datafield>
  <datafield tag="690" ind1=" " ind2=" ">
    <subfield code="a">Elaborado</subfield>
  </datafield>
  <datafield tag="700" ind1=" " ind2=" ">
    <subfield code="e">asesor</subfield>
    <subfield code="a">Reyes, Rafael</subfield>
  </datafield>
  <datafield tag="700" ind1=" " ind2=" ">
    <subfield code="e">autor</subfield>
    <subfield code="a">Pe&#xF1;a Pe&#xF1;a, Mirka Rebeca</subfield>
  </datafield>
  <datafield tag="700" ind1=" " ind2=" ">
    <subfield code="e">asesor</subfield>
    <subfield code="a">Dunker, Jose</subfield>
  </datafield>
  <datafield tag="901" ind1=" " ind2=" ">
    <subfield code="a">{"1":"Pe&#xF1;a Pe&#xF1;a"}</subfield>
    <subfield code="b">{"1":"Mirka Rebeca"}</subfield>
  </datafield>
  <datafield tag="902" ind1=" " ind2=" ">
    <subfield code="a">2</subfield>
  </datafield>
  <datafield tag="903" ind1=" " ind2=" ">
    <subfield code="a">{"1":"Dunker","2":"Reyes"}</subfield>
    <subfield code="b">{"1":"Jose","2":"Rafael"}</subfield>
  </datafield>
  <datafield tag="904" ind1=" " ind2=" ">
    <subfield code="a">Maestr&#xED;a en</subfield>
  </datafield>
  <datafield tag="905" ind1=" " ind2=" ">
    <subfield code="a">Terapia Familiar</subfield>
  </datafield>
  <datafield tag="906" ind1=" " ind2=" ">
    <subfield code="a">2</subfield>
  </datafield>
  <datafield tag="907" ind1=" " ind2=" ">
    <subfield code="a">NO APLICA</subfield>
  </datafield>
  <datafield tag="908" ind1=" " ind2=" ">
    <subfield code="a">NO APLICA</subfield>
  </datafield>
  <datafield tag="909" ind1=" " ind2=" ">
    <subfield code="a">Universidad Nacional Evang&#xE9;lica (UNEV), Recinto Santiago</subfield>
  </datafield>
  <datafield tag="910" ind1=" " ind2=" ">
    <subfield code="a">NULL</subfield>
    <subfield code="b">NULL</subfield>
  </datafield>
  <datafield tag="911" ind1=" " ind2=" ">
    <subfield code="a">["1"]</subfield>
  </datafield>
  <datafield tag="912" ind1=" " ind2=" ">
    <subfield code="a">NO APLICA</subfield>
  </datafield>
  <datafield tag="913" ind1=" " ind2=" ">
    <subfield code="a">NULL</subfield>
  </datafield>
  <datafield tag="914" ind1=" " ind2=" ">
    <subfield code="a">07 de Enero de 2009</subfield>
  </datafield>
  <datafield tag="915" ind1=" " ind2=" ">
    <subfield code="a">22/10/19 09:10</subfield>
  </datafield>
  <datafield tag="916" ind1=" " ind2=" ">
    <subfield code="a">NULL</subfield>
  </datafield>
  <datafield tag="917" ind1=" " ind2=" ">
    <subfield code="a">NULL</subfield>
  </datafield>
  <datafield tag="918" ind1=" " ind2=" ">
    <subfield code="a">NO APLICA</subfield>
  </datafield>
  <datafield tag="919" ind1=" " ind2=" ">
    <subfield code="a">["46","57","205"]</subfield>
  </datafield>
  <datafield tag="520" ind1=" " ind2=" ">
    <subfield code="a">Rep&#xFA;blica dominicana como la mayor&#xED;a de los pa&#xED;ses de Am&#xE9;rica Latina, y el mundo,&#xA0; est&#xE1; viviendo uno de sus momentos de violencia m&#xE1;s severo. La violencia afecta a toda la poblaci&#xF3;n sin importar su clase social, ya que son diversos los tipos de&#xA0; violencia que se registran diariamente, entre ellos tenemos la delincuencia juvenil.&#xA0; El Objetivo de este proyecto es el An&#xE1;lisis de la din&#xE1;mica familiar e influencia en&#xA0; los adolescentes que han sido sancionados&#xA0; y recluidos&#xA0; en el&#xA0; Instituto Preparatorio de Menores M&#xE1;ximo Antonio &#xC1;lvarez&#xA0; de la ciudad de la Vega, Rep. Dom.&#xA0;De que forma fue la din&#xE1;mica familiar,&#xA0; en las familias de&#xA0; los adolescentes recluidos en el Instituto preparatorio de menores M&#xE1;ximo Antonio &#xC1;lvarez. Cual es&#xA0; la estructura&#xA0; familiar de los adolescentes recluidos en el Instituto.&#xA0;&#xA0;&#xA0; Identificar qu&#xE9;&#xA0; tipo de conductas dis&#xF3;ciales&#xA0; presentan los adolescentes recluidos.&#xA0; Evaluar cu&#xE1;l es el nivel socio-econ&#xF3;mico de las familias de los&#xA0; adolescentes.El tipo de investigaci&#xF3;n es correlacional, cuyo objetivo es analizar la relaci&#xF3;n que existe entre los conceptos o variables a investigar.&#xA0;El m&#xE9;todo de investigaci&#xF3;n utilizado es el inductivo, el cual parte de la observaci&#xF3;n de la realidad y mediante la generalizaci&#xF3;n de esa realidad en particular llegar a conclusiones. La investigaci&#xF3;n se realiz&#xF3; bajo el enfoque cualitativo, este&#xA0; brinda la oportunidad de hacer uso de t&#xE9;cnicas especializadas para lograr obtener respuesta a las&#xA0; realidades, sistemas de relaci&#xF3;n y su estructura din&#xE1;mica.&#xA0; Bajo estos m&#xE9;todos, se utilizo la entrevista, cuestionario, Genogramas, la observaci&#xF3;n y adem&#xE1;s se consulto, diversas literaturas sobre la delincuencia juvenil y familia.&#xA0;La estructura familiar que se caracteriza en este estudio es que&#xA0; un 70% provienen de multifamilia, en este mismo ambiente por lo menos&#xA0; 20% esta o ha vivido con uno de sus abuelos alg&#xFA;n tiempo. Referente a la edad de los adolescentes, se encontr&#xF3; el 60% de 16 a&#xF1;os y los dem&#xE1;s son de 15, 17&#xA0; y 19 mientras que su nivel de educaci&#xF3;n se determina que el 50% su nivel es B&#xE1;sico, 30% Nivel Medio, 20% Nivel Inicial. El 90% de las familias trabajadas vive en barrios muy pobres y marginados. Las familias y los adolescentes en conflicto con la ley, ha permitido determinar que las partes analizadas: las familias y adolescentes; han tenido como escenario com&#xFA;n, un ambiente familiar no saludable.</subfield>
  </datafield>
  <datafield tag="921" ind1=" " ind2=" ">
    <subfield code="a">69</subfield>
  </datafield>
  <datafield tag="922" ind1=" " ind2=" ">
    <subfield code="a">69</subfield>
  </datafield>
  <datafield tag="923" ind1=" " ind2=" ">
    <subfield code="a">1</subfield>
  </datafield>
  <datafield tag="924" ind1=" " ind2=" ">
    <subfield code="a">20191020214522</subfield>
  </datafield>
  <datafield tag="942" ind1=" " ind2=" ">
    <subfield code="c">Tesis</subfield>
  </datafield>
  <datafield tag="999" ind1=" " ind2=" ">
    <subfield code="c">5822</subfield>
    <subfield code="d">5822</subfield>
  </datafield>
</record>
